[Event "Samara Polugaevsky Memorial 4th"]
[Site "Samara"]
[Date "2014.07.10"]
[Round "9"]
[White "Strezhneva, Ekaterina"]
[Black "Oshevnev, Anatoly"]
[Result "0-1"]
[WhiteElo "1639"]
[BlackElo "2086"]
[PlyCount "148"]
[EventDate "2014.07.02"]
[EventType "swiss"]
[EventRounds "9"]
[EventCountry "RUS"]
[SourceTitle "CBM 161 Extra"]
[Source "ChessBase"]
[SourceDate "2014.08.29"]
[SourceVersion "1"]
[SourceVersionDate "2014.08.29"]
[SourceQuality "1"]

1. d4 Nf6 2. c4 c5 3. d5 b5 4. cxb5 a6 5. f3 axb5 6. e4 Qa5+ 7. Bd2 Qb6 8. Na3 c4 9. Ne2 e5 10. dxe6 fxe6 11. Nc2 Bc5 12. Ng3 h5 13. e5 Bf2+ 14. Ke2 Bxg3 15. hxg3 Nd5 16. Ne3 Nc6 17. f4 Ndb4 18. Kf2 Bb7 19. Rxh5 0-0-0 20. Rxh8 Rxh8 21. Bxb4 Nxb4 22. Qd6 Qxd6 23. exd6 Rh1 24. Re1 Nxa2 25. Nf5 Bd5 26. Nd4 b4 27. Ra1 b3 28. Nxb3 Rxf1+ 29. Rxf1 cxb3 30. Rh1 Nb4 31. Ke3 Kb7 32. Rh7 Kc6 33. Rxg7 Bxg2 34. Kd4 Bd5 35. g4 Kxd6 36. g5 Nc6+ 37. Kc3 Ne7 38. Rf7 e5 39. fxe5+ Ke6 40. g6 Be4 41. Kxb3 Nxg6 42. Rxd7 Kxd7 43. Kc4 Kc6 44. b4 Bd5+ 45. Kd4 Be6 46. b5+ Kxb5 47. Kd3 Kc5 48. Ke4 Kc4 49. Ke3 Bf5 50. e6 Bxe6 51. Ke4 Kc3 52. Ke3 Bf5 53. Ke2 Be4 54. Ke3 Bd5 55. Ke2 Nf4+ 56. Kf2 Nh5 57. Ke2 Kd4 58. Kd2 Be4 59. Ke2 Ng3+ 60. Kd2 Nf5 61. Ke2 Kc3 62. Kf2 Kd2 63. Kf1 Bf3 64. Kf2 Bg4 65. Kf1 Ng3+ 66. Kg2 Ne4 67. Kf1 Bh3+ 68. Kg1 Ke2 69. Kh2 Bf1 70. Kg1 Ke1 71. Kh2 Kf2 72. Kh1 Ng5 73. Kh2 Nf3+ 74. Kh1 Bg2# 0-1

[Event "Samara Polugaevsky Memorial 4th"]
[Site "Samara"]
[Date "2014.07.06"]
[Round "5"]
[White "Sidorov, Anatoly"]
[Black "Oshevnev, Anatoly"]
[Result "1-0"]
[WhiteElo "2319"]
[BlackElo "2086"]
[PlyCount "83"]
[EventDate "2014.07.02"]
[EventType "swiss"]
[EventRounds "9"]
[EventCountry "RUS"]
[SourceTitle "CBM 161 Extra"]
[Source "ChessBase"]
[SourceDate "2014.08.29"]
[SourceVersion "1"]
[SourceVersionDate "2014.08.29"]
[SourceQuality "1"]

1. c4 d6 2. g3 e5 3. Bg2 f5 4. Nc3 Nf6 5. d3 c6 6. Nf3 Be7 7. 0-0 Na6 8. Rb1 0-0 9. b4 e4 10. dxe4 fxe4 11. Nd4 c5 12. Nc2 cxb4 13. Nxe4 Nxe4 14. Bxe4 Qa5 15. Qd5+ Qxd5 16. Bxd5+ Kh8 17. Nxb4 Nc5 18. f3 Bh3 19. Rd1 Rae8 20. Nd3 Bf6 21. Nf4 Bd7 22. Bb2 g5 23. Nh5 Bxb2 24. Rxb2 Re3 25. g4 Na4 26. Rxb7 Nc3 27. Rd2 Rxe2 28. Rxe2 Nxe2+ 29. Kg2 Be8 30. Rb8 Nd4 31. Bf7 Nxf3 32. Rxe8 Rxe8 33. Bxe8 Ne5 34. h3 Nxc4 35. Bf7 Ne5 36. Be6 h6 37. Kf2 a5 38. Ke3 Nc6 39. Ke4 Ne7 40. Kd4 Kh7 41. Kc4 Kg6 42. Kb5 1-0

[Event "Samara op"]
[Site "Samara"]
[Date "2008.12.13"]
[Round "9"]
[White "Prihodko, Ilja"]
[Black "Oshevnev, Anatoly"]
[Result "0-1"]
[WhiteElo "1983"]
[BlackElo "2108"]
[PlyCount "80"]
[EventDate "2008.12.05"]
[EventType "swiss"]
[EventRounds "9"]
[EventCountry "RUS"]
[SourceTitle "CBM 127 Extra"]
[Source "ChessBase"]
[SourceDate "2009.01.08"]
[SourceVersion "2"]
[SourceVersionDate "2009.01.28"]
[SourceQuality "1"]

1. e4 c6 2. d4 d5 3. e5 Bf5 4. h4 h6 5. g4 Bd7 6. Bd3 Qc8 7. f3 c5 8. dxc5 Nc6 9. Qe2 e6 10. f4 Bxc5 11. c3 d4 12. b4 Bb6 13. b5 Nb4 14. c4 Nxd3+ 15. Qxd3 h5 16. g5 Bxb5 17. Nd2 Bc6 18. Rh2 Ne7 19. Nb3 a6 20. c5 Bb5 21. Qxd4 Nf5 22. Qf2 Ba7 23. Be3 Qc6 24. Rc1 Qe4 25. Rh3 Rd8 26. Nd2 Qa4 27. Ne2 Rd3 28. Nc3 Qa3 29. Nb3 Nxe3 30. Rxe3 Bxc5 31. Nxb5 Qb4+ 32. Kf1 Bxe3 33. Nd6+ Rxd6 34. Qxe3 Rd8 35. g6 0-0 36. Nc5 Qd2 37. gxf7+ Kxf7 38. Qxd2 Rxd2 39. Nxb7 Kg6 40. Rc6 Rxf4+ 0-1

[Event "Samara op"]
[Site "Samara"]
[Date "2008.12.07"]
[Round "3"]
[White "Kalugin, Yury"]
[Black "Oshevnev, Anatoly"]
[Result "1-0"]
[WhiteElo "1986"]
[BlackElo "2108"]
[PlyCount "45"]
[EventDate "2008.12.05"]
[EventType "swiss"]
[EventRounds "9"]
[EventCountry "RUS"]
[SourceTitle "CBM 127 Extra"]
[Source "ChessBase"]
[SourceDate "2009.01.08"]
[SourceVersion "2"]
[SourceVersionDate "2009.01.28"]
[SourceQuality "1"]

1. e4 e5 2. Nf3 Nc6 3. Bc4 Nf6 4. Ng5 d5 5. exd5 b5 6. Bf1 Nd4 7. c3 Nxd5 8. cxd4 Qxg5 9. Bxb5+ Kd8 10. Qf3 exd4 11. 0-0 Rb8 12. Bc6 Nb4 13. Ba4 Bb7 14. d3 Qg6 15. Qh3 Bc8 16. Qh4+ f6 17. Qxd4+ Bd6 18. Qxa7 Qh5 19. g3 Rb6 20. Nc3 Bb7 21. Qb8+ Bc8 22. Qa8 Ra6 23. Qe4 1-0

[Event "Russia CC-ch"]
[Site "Russia"]
[Date "2007.03.27"]
[Round "7"]
[White "Oshevnev, Anatoly"]
[Black "Fomin, Taras"]
[Result "0-1"]
[WhiteElo "2165"]
[BlackElo "2336"]
[PlyCount "43"]
[EventDate "2007.03.17"]
[EventType "tourn"]
[EventRounds "9"]
[EventCountry "RUS"]
[SourceTitle "EXT 2008"]
[Source "ChessBase"]
[SourceDate "2007.11.25"]
[SourceVersion "1"]
[SourceVersionDate "2007.11.25"]
[SourceQuality "1"]

1. e4 c5 2. Nf3 Nc6 3. d4 cxd4 4. Nxd4 e5 5. Nb5 d6 6. N5a3 Nf6 7. Nc3 Be6 8. Nc4 d5 9. exd5 Nxd5 10. Nxd5 Bxd5 11. c3 Be7 12. Ne3 Be6 13. Qxd8+ Rxd8 14. Bc4 Bxc4 15. Nxc4 e4 16. a4 f5 17. h4 Kf7 18. Bf4 Ke6 19. Rd1 Rxd1+ 20. Kxd1 Rc8 21. Ne3 Bf6 22. g4 0-1

[Event "Russia CC-ch"]
[Site "Russia"]
[Date "2007.03.18"]
[Round "2"]
[White "Oshevnev, Anatoly"]
[Black "Krasnov, Vladimir"]
[Result "1/2-1/2"]
[WhiteElo "2165"]
[BlackElo "2256"]
[PlyCount "38"]
[EventDate "2007.03.17"]
[EventType "tourn"]
[EventRounds "9"]
[EventCountry "RUS"]
[SourceTitle "EXT 2008"]
[Source "ChessBase"]
[SourceDate "2007.11.25"]
[SourceVersion "1"]
[SourceVersionDate "2007.11.25"]
[SourceQuality "1"]

1. c4 c5 2. Nf3 Nc6 3. g4 g6 4. Bg2 Bg7 5. Nc3 d6 6. g5 h6 7. h4 hxg5 8. hxg5 Rxh1+ 9. Bxh1 Bf5 10. d3 Qd7 11. Qa4 Bxd3 12. exd3 Qh3 13. Nh2 Qxh2 14. Bxc6+ Kf8 15. Bxb7 Qg1+ 16. Ke2 Rb8 17. Qxa7 Re8 18. Bc6 Bd4 19. Bxe8 Bxf2 1/2-1/2

[Event "Samara Region-ch FL"]
[Site "Samara"]
[Date "2006.12.??"]
[Round "6"]
[White "Galkin, Roman"]
[Black "Oshevnev, Anatoly"]
[Result "1-0"]
[WhiteElo "1910"]
[BlackElo "2165"]
[PlyCount "73"]
[EventDate "2006.12.07"]
[EventType "swiss"]
[EventRounds "9"]
[EventCountry "RUS"]
[SourceTitle "EXT 2019"]
[Source "ChessBase"]
[SourceDate "2018.10.10"]
[SourceVersion "1"]
[SourceVersionDate "2018.10.10"]
[SourceQuality "1"]

1. e4 e5 2. Nf3 Nf6 3. Nxe5 d6 4. Nf3 Nxe4 5. d4 d5 6. Bd3 Be7 7. 0-0 Bg4 8. Re1 Nc6 9. c3 f5 10. Nbd2 0-0 11. Qb3 Na5 12. Qc2 c5 13. Ne5 Nxd2 14. Bxd2 c4 15. Bf1 Nc6 16. b3 Nxe5 17. dxe5 Qc7 18. Be3 f4 19. Bd4 f3 20. bxc4 fxg2 21. Bxg2 Qxc4 22. Qb3 Qxb3 23. axb3 Bf3 24. Rxa7 Rxa7 25. Bxa7 Bxg2 26. Kxg2 Ra8 27. Bd4 Ra6 28. f4 Ra2+ 29. Kg3 Ra3 30. Rb1 g6 31. f5 gxf5 32. Kf4 Ra2 33. Kxf5 Rxh2 34. Ke6 Ba3 35. Kd7 h5 36. e6 b5 37. b4 1-0